Predaj v novom šate
Nové technológie a široké možnosti získavania zákazníkov. Nákup cez internet. Tovary, ktoré sa najviac nakupujú cez internet. Internetový predaj potravín spoločnosti Tesco. Služba klikni a vyzdvihni. Predajné kanály prispôsobené produktom a zákazníkom. Moderné formy predaja vytláčajú z pozícií klasi...
Salvato in:
| Autore principale: | |
|---|---|
| Natura: | Capitolo di libro |
| Lingua: | slovacco |
| Soggetti: | |
| Tags: |
Nessun Tag, puoi essere il primo ad aggiungerne!!
|
MARC
| LEADER | 00000naa a2200000 4500 | ||
|---|---|---|---|
| 001 | 0183578 | ||
| 005 | 20231113100808.6 | ||
| 041 | 0 | |a slo | |
| 044 | |a SK | ||
| 245 | 1 | 0 | |a Predaj v novom šate |c Marek Legéň |
| 520 | |a Nové technológie a široké možnosti získavania zákazníkov. Nákup cez internet. Tovary, ktoré sa najviac nakupujú cez internet. Internetový predaj potravín spoločnosti Tesco. Služba klikni a vyzdvihni. Predajné kanály prispôsobené produktom a zákazníkom. Moderné formy predaja vytláčajú z pozícií klasické kamenné obchody. | ||
| 610 | 2 | 0 | |a predaj |
| 610 | 2 | 0 | |a obchod elektronický |
| 610 | 2 | 0 | |a internet |
| 610 | 2 | 0 | |a tovar |
| 610 | 2 | 0 | |a potraviny |
| 610 | 2 | 0 | |a elektronika |
| 610 | 2 | 0 | |a kanály distribučné |
| 100 | 1 | |a Legéň, Marek | |